| 000 | 005430000a22001810004500 | ||
|---|---|---|---|
| 005 | 20240212092825.0 | ||
| 008 | 230817t2001 ||||| |||| 00| 0 eng d | ||
| 082 |
_a362.8292 _bCEN |
||
| 110 | _aThe Centre of Islamic and Middle Eastern Law (CIMEL) | ||
| 245 |
_aRoundtable Strategies To Address "Crimes Of Honour": _bSummary Report |
||
| 260 |
_aLondon: _bWLUML, _c2001 |
||
| 300 | _a33 p. | ||
| 440 |
_aWLUML occasional paper _v12 |
||
| 650 | _aHonour Killings | ||
| 650 | _aViolence Against Women | ||
| 650 | _aFamily violence | ||
| 942 | _cRP | ||
| 999 |
_c482 _d482 |
||